[Event "Tournoi Skype 021A"]
[Site "Skype"]
[Date "????.??.??"]
[Round "7.6"]
[White "Gasperoni, Claudio"]
[Black "Trivedi, Viral"]
[Result "1-0"]
[WhiteElo "1818"]
[BlackElo "1664"]
[PlyCount "51"]

1. d4 Nf6 2. Nf3 g6 3. c4 Bg7 4. Nc3 d5 5. Bg5 Ne4 6. cxd5 Nxc3 7. bxc3 Qxd5 8.
e3 Bg4 9. Be2 Nc6 10. Bh4 O-O 11. O-O Rfe8 12. Bg3 Qa5 13. h3 Bxf3 14. Bxf3
Qxc3 15. Qa4 Qa5 16. Bxc6 Qxa4 17. Bxa4 c6 18. Rab1 b5 19. Bd1 Rac8 20. Bf3 a6
21. Rfc1 e5 22. Bxc6 Re7 23. d5 f5 24. d6 Ra7 25. Bd5+ Kh8 26. Rxc8+ 1-0

[Event "Tournoi Skype 021A"]
[Site "Skype"]
[Date "????.??.??"]
[Round "7.7"]
[White "Khetre, Gaurav"]
[Black "Karia, Vijay"]
[Result "1-0"]
[WhiteElo "1617"]
[BlackElo "1818"]
[PlyCount "59"]

1. d4 d5 2. Nf3 Nf6 3. g3 c6 4. Bg2 Bf5 5. O-O Nbd7 6. c4 e6 7. Nc3 Bd6 8. Bg5
dxc4 9. e4 Bg4 10. e5 Bxf3 11. Qxf3 Nxe5 12. dxe5 Bxe5 13. Qe2 Qd4 14. Rad1 Qc5
15. Be3 Qb4 16. Bd4 Bc7 17. Nb1 O-O-O 18. Na3 e5 19. Be3 c3 20. Bxa7 cxb2 21.
Bh3+ Nd7 22. Nc4 Rhe8 23. Bxd7+ Rxd7 24. Rxd7 Kxd7 25. Qg4+ Ke7 26. Rb1 b5 27.
Nxe5 Qc3 28. Qd7+ Kf6 29. Qxf7+ Kg5 30. Be3+ 1-0

[Event "Tournoi Skype 021A"]
[Site "Skype"]
[Date "????.??.??"]
[Round "7.8"]
[White "Saponara, Jose Maria"]
[Black "Engstrom, Olle"]
[Result "1-0"]
[WhiteElo "1722"]
[BlackElo "1788"]
[PlyCount "81"]

1. e4 c5 2. Nc3 g6 3. f4 Nc6 4. Nf3 Bg7 5. Bc4 e6 6. a3 Nge7 7. d3 O-O 8. O-O
a6 9. Be3 Nd4 10. Rb1 b5 11. Ba2 Bb7 12. Ne2 Nxe2+ 13. Qxe2 d6 14. c3 Rc8 15.
Rbd1 d5 16. Ng5 h6 17. Nh3 d4 18. cxd4 cxd4 19. Bc1 Nc6 20. f5 exf5 21. exf5
Qf6 22. fxg6 Qxg6 23. Nf4 Qd6 24. Nh5 Ne5 25. Nxg7 Kxg7 26. Qh5 Rc2 27. Bxh6+
Qxh6 28. Qxe5+ Kh7 29. Qf5+ Kh8 30. Rf2 Rxf2 31. Qxf2 Qg7 32. Re1 Rg8 33. Qh4+
Qh7 34. Qxd4+ Qg7 35. Qh4+ Qh7 36. Qxh7+ Kxh7 37. g3 Rd8 38. Re7 Bd5 39. Bxd5
Rxd5 40. Rxf7+ Kg6 41. Rf3 1-0

[Event "Tournoi Skype 021A"]
[Site "Skype"]
[Date "????.??.??"]
[Round "7.9"]
[White "Segura Lozano, Marcos Antonio"]
[Black "Yeter, Orhan"]
[Result "1-0"]
[WhiteElo "1889"]
[BlackElo "1648"]
[PlyCount "153"]

1. d4 d5 2. Nf3 Nf6 3. c4 e6 4. cxd5 exd5 5. Nc3 Bb4 6. Bg5 O-O 7. Rc1 c6 8. e3
Bg4 9. Bd3 Nbd7 10. h3 Bh5 11. O-O Re8 12. a3 Bd6 13. g4 Bg6 14. Bxg6 hxg6 15.
Kg2 Kh7 16. Rh1 Rh8 17. e4 dxe4 18. Nxe4 Be7 19. Nxf6+ Nxf6 20. Ne5 Qd5+ 21.
Qf3 Qxf3+ 22. Kxf3 Kg8 23. Bf4 Nd5 24. Bg3 Bf6 25. Ke4 Re8 26. f4 Bh4 27. Kf3
Bxg3 28. Kxg3 Re6 29. Rce1 f5 30. g5 Nb6 31. Nf3 Rxe1 32. Rxe1 Nc4 33. Re7 Nd6
34. Rd7 Ne4+ 35. Kg2 Kh7 36. Rxb7 Nd6 37. Rxa7 Rb8 38. b4 Nb5 39. Ra6 Rc8 40.
a4 Nc3 41. Ne5 Ne2 42. Nxc6 Nxf4+ 43. Kh2 Ne6 44. h4 f4 45. b5 f3 46. Kg3 Rf8
47. Kf2 Nc7 48. Ra7 Nd5 49. Ne5 Nc3 50. Nxf3 Nd1+ 51. Kg3 Ne3 52. b6 Nf5+ 53.
Kh3 Nd6 54. Kg2 Nc4 55. a5 Ne3+ 56. Kg3 Nf5+ 57. Kh3 Nd6 58. Ne5 Rf1 59. Rd7
Ne4 60. b7 Rh1+ 61. Kg2 Rb1 62. a6 Rb2+ 63. Kg1 Rb1+ 64. Kg2 Rb2+ 65. Kf3 Nd2+
66. Ke3 Nf1+ 67. Ke4 Ng3+ 68. Kd5 Rb5+ 69. Kc6 Rb1 70. Rd8 Ne2 71. d5 Nd4+ 72.
Kd7 Nf5 73. b8=Q Rxb8 74. Rxb8 Nxh4 75. a7 Nf5 76. a8=Q Nd4 77. Rh8# 1-0

[Event "Tournoi Skype 021A"]
[Site "Skype"]
[Date "????.??.??"]
[Round "7.10"]
[White "Hilton, Stephen"]
[Black "Sepulveda, Lyda Marcela"]
[Result "1/2-1/2"]
[WhiteElo "1883"]
[BlackElo "1628"]
[PlyCount "94"]

1. d4 d5 2. Bf4 c5 3. c3 Nf6 4. e3 Nc6 5. Bd3 Qb6 6. Qc1 e6 7. Nf3 cxd4 8. exd4
Bd7 9. Nbd2 Rc8 10. Qb1 Na5 11. O-O Bb5 12. Ne5 Bxd3 13. Nxd3 Nc6 14. Qd1 Be7
15. Rb1 O-O 16. Qe2 Qd8 17. Rfe1 b6 18. Ne5 Re8 19. h3 Nxe5 20. dxe5 Nd7 21.
Qg4 Nf8 22. Rbd1 Ng6 23. Bh2 a5 24. Ne4 Rc4 25. Qf3 Qc7 26. Nd6 Nxe5 27. Bxe5
Bxd6 28. Bxd6 Qxd6 29. Rxd5 Qc6 30. Rd3 Qxf3 31. Rxf3 Rd8 32. Rfe3 Rd2 33. R1e2
Rd1+ 34. Kh2 Rc6 35. Re5 Rcd6 36. f4 Kf8 37. f5 Ke7 38. fxe6 Rxe6 39. Rxe6+
fxe6 40. Kg3 g5 41. Kg4 Kf6 42. Kh5 Rd5 43. Kg4 h6 44. h4 Rf5 45. hxg5+ hxg5
46. g3 Rd5 47. Rh2 Kg6 1/2-1/2

[Event "Tournoi Skype 021A"]
[Site "Skype"]
[Date "????.??.??"]
[Round "7.11"]
[White "Casey, Eamonn"]
[Black "Murolo, Antonio"]
[Result "1/2-1/2"]
[WhiteElo "1715"]
[BlackElo "1614"]
[PlyCount "97"]

1. d4 Nf6 2. c4 e6 3. Nf3 d5 4. Nc3 c5 5. Bg5 dxc4 6. e3 cxd4 7. exd4 Be7 8.
Bxc4 O-O 9. O-O Nc6 10. Re1 h6 11. Bf4 Bd6 12. Bxd6 Qxd6 13. Rc1 Nd5 14. Nxd5
exd5 15. Bd3 Bg4 16. Be2 Rfe8 17. a3 Bxf3 18. Bxf3 Rxe1+ 19. Qxe1 Nxd4 20. Bg4
Ne6 21. Qd2 Qf4 22. Qd1 Qe5 23. Qd2 Re8 24. Bf3 Nd4 25. Qc3 Nxf3+ 26. gxf3 Qxc3
27. bxc3 Rc8 28. Kf1 Rc4 29. Ke2 Kf8 30. Kd2 Ke7 31. Rb1 b6 32. Re1+ Kd7 33.
Re5 Kd6 34. Re8 Rc7 35. Kd3 Re7 36. Rd8+ Rd7 37. Rc8 Re7 38. Rd8+ Kc5 39. f4 f6
40. f5 a5 41. Rc8+ Kd6 42. Rd8+ Ke5 43. a4 Kxf5 44. Rxd5+ Ke6 45. Ke4 Rd7 46.
Rxd7 Kxd7 47. Kf5 Ke7 48. Kg6 Kf8 49. f4 1/2-1/2

[Event "Tournoi Skype 021A"]
[Site "Skype"]
[Date "????.??.??"]
[Round "7.12"]
[White "Mitrani, Alberto"]
[Black "Diaz, Jose Garcia"]
[Result "0-1"]
[WhiteElo "1505"]
[BlackElo "1515"]
[PlyCount "92"]

1. d4 Nf6 2. Bf4 d6 3. Nf3 Nbd7 4. e3 Nh5 5. Bg3 Nxg3 6. hxg3 b6 7. Bd3 g6 8.
Nbd2 Bb7 9. c4 c5 10. d5 Bg7 11. Qc2 Nf6 12. Ng5 Qd7 13. O-O-O O-O-O 14. Nxf7
e6 15. dxe6 Qxe6 16. Nxh8 Rxh8 17. Nf3 Ng4 18. Ng5 Qf6 19. Nxh7 Qxf2 20. Bxg6
Qxe3+ 21. Qd2 Qe6 22. Bd3 Ne5 23. Ng5 Nxd3+ 24. Qxd3 Qe5 25. Rxh8+ Bxh8 26. Qd2
Qxg3 27. Nf7 Bd4 28. Re1 Kd7 29. Re2 Ba6 30. b3 b5 31. cxb5 Bxb5 32. Re4 Bf1
33. Qe1 Qxg2 34. Re7+ Kc6 35. Qe4+ Qxe4 36. Rxe4 Bd3 37. Re6 Kd7 38. Re1 Bg6
39. Ng5 Bf6 40. Nf3 a5 41. Nd2 Bd3 42. Nc4 Bg5+ 43. Kd1 Bg6 44. Rg1 Bh5+ 45.
Kc2 Bf6 46. Rg7+ Bxg7 0-1

[Event "Tournoi Skype 021A"]
[Site "Skype"]
[Date "????.??.??"]
[Round "7.13"]
[White "Thoune, Jim"]
[Black "Farthouat, Titoine"]
[Result "1-0"]
[WhiteElo "1766"]
[BlackElo "1667"]
[PlyCount "59"]

1. d4 d5 2. Nf3 e6 3. Bf4 Nf6 4. h3 Bd6 5. Bxd6 Qxd6 6. c3 O-O 7. Nbd2 Nc6 8.
Qc2 e5 9. dxe5 Nxe5 10. Nxe5 Qxe5 11. e3 Bf5 12. Bd3 Bxd3 13. Qxd3 Rfe8 14. O-O
c5 15. Nf3 Qe4 16. Qb5 b6 17. Rad1 Rad8 18. b4 c4 19. Rd2 Rd6 20. Qa6 Rd7 21.
Rfd1 Qe6 22. Nd4 Qd6 23. Re2 Qc7 24. Nb5 Qb8 25. Red2 Red8 26. Rd4 Qb7 27. Qxb7
Rxb7 28. Rxc4 Ne4 29. Rxd5 Re8 30. Rxe4 1-0

[Event "Tournoi Skype 021A"]
[Site "Skype"]
[Date "????.??.??"]
[Round "7.14"]
[White "Thacker, Stephen"]
[Black "Martinez, Jose Abel"]
[Result "1-0"]
[WhiteElo "1600"]
[BlackElo "1690"]
[PlyCount "141"]

1. e4 e6 2. d4 d5 3. Nd2 Nf6 4. e5 Nfd7 5. Bd3 c5 6. c3 Nc6 7. Ndf3 h6 8. Ne2
Be7 9. O-O O-O 10. Be3 f6 11. Nf4 fxe5 12. Nxe6 Qe8 13. Nc7 Qh5 14. Nxd5 exd4
15. Nxe7+ Nxe7 16. cxd4 cxd4 17. Nxd4 Qxd1 18. Raxd1 Ne5 19. Be2 Nd5 20. Bc1
Bg4 21. h3 Bxe2 22. Nxe2 Rad8 23. Rd4 Nc6 24. Rg4 Nf6 25. Rg3 Ne4 26. Rg4 Nf6
27. Rg3 Ne4 28. Rg4 Nf6 29. Rg3 Rfe8 30. Nc3 a6 31. Bxh6 Kh7 32. Bc1 b5 33. a3
Ne5 34. Bg5 Nd3 35. Bxf6 gxf6 36. Nd1 Re2 37. b3 a5 38. Nc3 Rb2 39. Nxb5 Rxb3
40. a4 Rb4 41. Rd1 Nf4 42. Rxd8 Ne2+ 43. Kh2 Nxg3 44. Kxg3 Rxa4 45. Ra8 Kg6 46.
Nd6 Rd4 47. Rxa5 Rxd6 48. Ra3 Kg5 49. f4+ Kf5 50. Rf3 Rd4 51. h4 Kg6 52. Kh3 f5
53. g4 Rd1 54. h5+ Kh6 55. Kh4 fxg4 56. Rg3 Rh1+ 57. Kxg4 Rxh5 58. Ra3 Rd5 59.
Ra6+ Kg7 60. f5 Rd7 61. Kg5 Rf7 62. Rg6+ Kh7 63. f6 Rb7 64. Rh6+ Kg8 65. Kg6
Rb6 66. Rh5 Rd6 67. Rf5 Re6 68. Ra5 Kf8 69. Ra8+ Re8 70. Rxe8+ Kxe8 71. Kg7 1-0

[Event "Tournoi Skype 021A"]
[Site "Skype"]
[Date "????.??.??"]
[Round "7.15"]
[White "Khunte, Aniruddha"]
[Black "Alvarez, Juan Evangelista"]
[Result "1-0"]
[WhiteElo "1494"]
[BlackElo "1588"]
[PlyCount "43"]

1. e4 Nf6 2. Nc3 e5 3. Nf3 Nc6 4. Bb5 d6 5. d4 Bd7 6. dxe5 dxe5 7. O-O Qe7 8.
Bg5 O-O-O 9. Nd5 Qe6 10. Bc4 Qd6 11. a4 Be6 12. Qd2 Nxe4 13. Qe3 Nxg5 14. Nxg5
Bxd5 15. Rfd1 Nd4 16. Nxf7 Bxf7 17. Bxf7 Be7 18. c3 Qf6 19. Bh5 Nc2 20. Qxa7
Rxd1+ 21. Rxd1 Qa6 22. Bg4+ 1-0

[Event "Tournoi Skype 021A"]
[Site "Skype"]
[Date "????.??.??"]
[Round "7.16"]
[White "Salazar Ticeran, Antonio"]
[Black "Le Brun, Yves"]
[Result "1-0"]
[WhiteElo "1578"]
[BlackElo "1445"]
[PlyCount "63"]

1. e4 e5 2. Nf3 d6 3. Bc4 Nf6 4. d3 h6 5. h3 Be7 6. Be3 Nbd7 7. Nc3 a6 8. Qd2
Nb6 9. Bb3 Bd7 10. O-O-O a5 11. a4 Be6 12. g4 Qd7 13. g5 hxg5 14. Nxg5 Bxb3 15.
cxb3 d5 16. exd5 Nbxd5 17. Nge4 Nxc3 18. Qxc3 Bd6 19. Nxf6+ gxf6 20. h4 c6 21.
d4 Bb4 22. Qd3 O-O-O 23. Qe4 Qe6 24. dxe5 fxe5 25. Rxd8+ Rxd8 26. f4 exf4 27.
Qxe6+ fxe6 28. Bxf4 Rd4 29. Be5 Rd5 30. Bg7 Rh5 31. Bf6 Be7 32. Bxe7 1-0

[Event "Tournoi Skype 021A"]
[Site "Skype"]
[Date "????.??.??"]
[Round "7.17"]
[White "Yardimci, Ertan"]
[Black "Hague, Mark"]
[Result "0-1"]
[WhiteElo "1445"]
[BlackElo "1506"]
[PlyCount "50"]

1. d4 f5 2. Nf3 Nf6 3. c4 e6 4. Nc3 Be7 5. Bg5 b6 6. g3 Bb7 7. Bg2 d5 8. cxd5
Nxd5 9. Bxe7 Qxe7 10. Nxd5 Bxd5 11. O-O Nd7 12. a3 O-O 13. Rc1 Rac8 14. Ne5
Bxg2 15. Kxg2 Nxe5 16. dxe5 Rfd8 17. Qa4 c5 18. Rfd1 Qc7 19. f4 Qb7+ 20. Kg1 b5
21. Rxd8+ Rxd8 22. Qa5 Qd7 23. Rxc5 Qd1+ 24. Kf2 Qd4+ 25. Ke1 Qg1# 0-1

[Event "Tournoi Skype 021A"]
[Site "Skype"]
[Date "????.??.??"]
[Round "7.18"]
[White "Luna Perez Vico, Lorenzo"]
[Black "Carballo, Jorge"]
[Result "1/2-1/2"]
[WhiteElo "1554"]
[BlackElo "1630"]
[PlyCount "44"]

1. e4 e5 2. Nf3 Nc6 3. Bb5 Nf6 4. O-O d6 5. Re1 Be7 6. Nc3 O-O 7. d4 exd4 8.
Nxd4 Nxd4 9. Qxd4 c6 10. Bf1 Be6 11. b3 Nd7 12. Bb2 Bf6 13. Qe3 Ne5 14. Rab1 d5
15. exd5 Bxd5 16. Nxd5 Qxd5 17. c4 Qa5 18. a4 Rfe8 19. Bxe5 Rxe5 20. Qc1 Rae8
21. Rxe5 Rxe5 22. g3 Re7 1/2-1/2

[Event "Tournoi Skype 021A"]
[Site "Skype"]
[Date "????.??.??"]
[Round "7.19"]
[White "Jogi, Kalpesh"]
[Black "Alvarez, Rafael Andres"]
[Result "1/2-1/2"]
[WhiteElo "1503"]
[BlackElo "1621"]
[PlyCount "118"]

1. d4 Nf6 2. a3 c6 3. Nc3 d5 4. Qd3 g6 5. Nf3 Bf5 6. Qd1 Bg7 7. e3 a5 8. Bd3
Ne4 9. Nh4 Nxc3 10. bxc3 Bd7 11. Rb1 b5 12. O-O e6 13. g3 Na6 14. Bb2 Bf6 15.
Nf3 h5 16. h4 g5 17. Nxg5 Bxg5 18. hxg5 Qxg5 19. Qf3 e5 20. dxe5 Bg4 21. Qf4
Qxf4 22. exf4 h4 23. Kg2 Ke7 24. Rh1 Rag8 25. Rxh4 Rxh4 26. gxh4 Be2+ 27. Kh3
Bg4+ 28. Kg3 Bh5+ 29. Kh3 Bf3 30. Re1 Nc7 31. Bc1 Bg2+ 32. Kh2 Bf3 33. Be3 Ne6
34. Be2 Be4 35. Bd3 Bf3 36. f5 Nd8 37. Bg5+ Kd7 38. e6+ fxe6 39. fxe6+ Nxe6 40.
Bf5 Re8 41. Bxe6+ Rxe6 42. Rxe6 Kxe6 43. Kg3 Bd1 44. Kf4 Bxc2 45. h5 Bh7 46. h6
c5 47. Ke3 b4 48. cxb4 axb4 49. axb4 cxb4 50. Kd4 b3 51. Bc1 Be4 52. Kc3 Bc2
53. f4 Kf6 54. f5 Bxf5 55. Kxb3 Ke5 56. Kc3 d4+ 57. Kd2 Ke4 58. Bb2 d3 59. Bc3
Kf3 1/2-1/2

[Event "Tournoi Skype 021A"]
[Site "Skype"]
[Date "????.??.??"]
[Round "7.20"]
[White "Perrone, Gabriel Lorenzo"]
[Black "Mordaa, Ahmad"]
[Result "1-0"]
[WhiteElo "1469"]
[BlackElo "1412"]
[PlyCount "43"]

1. d4 Nf6 2. c4 e5 3. dxe5 Ng4 4. Nf3 Nc6 5. Bf4 Qe7 6. Nc3 Ngxe5 7. Nxe5 Nxe5
8. Nd5 Qd6 9. c5 Qxc5 10. Bxe5 d6 11. Rc1 Qa5+ 12. Bc3 Qxa2 13. Nxc7+ Kd8 14.
Nxa8 Be6 15. Nc7 Bb3 16. Qd2 f6 17. e3 d5 18. Ne6+ Kd7 19. Nd4 a6 20. Be2 Bd6
21. O-O Rc8 22. Ra1 1-0

[Event "Tournoi Skype 021A"]
[Site "Skype"]
[Date "????.??.??"]
[Round "7.22"]
[White "Sauvaget, Joel"]
[Black "Perez Fermin, Jose"]
[Result "1/2-1/2"]
[WhiteElo "1662"]
[BlackElo "1595"]
[PlyCount "65"]

1. e4 c5 2. Nf3 e6 3. Nc3 Nc6 4. Bb5 a6 5. Bxc6 dxc6 6. d3 Nf6 7. O-O Be7 8. h3
O-O 9. Bf4 Nh5 10. Bh2 f5 11. exf5 exf5 12. Re1 Nf6 13. Qd2 Bd6 14. Bxd6 Qxd6
15. Re5 Re8 16. Rae1 Bd7 17. Na4 Rxe5 18. Rxe5 c4 19. Nb6 Re8 20. Rxe8+ Bxe8
21. Nxc4 Qd5 22. a3 b5 23. Nce5 c5 24. c3 Nd7 25. Nxd7 Bxd7 26. Qe2 Qd6 27. d4
Kf8 28. dxc5 Qxc5 29. Nd4 Kf7 30. Qf3 Qe5 31. Qe2 Qd5 32. Nf3 Kf6 33. Qd2
1/2-1/2

[Event "Tournoi Skype 021A"]
[Site "Skype"]
[Date "????.??.??"]
[Round "7.24"]
[White "Balanagendran"]
[Black "Bendre, Pankaj"]
[Result "0-1"]
[WhiteElo "1400"]
[BlackElo "1558"]
[PlyCount "94"]

1. d4 Nf6 2. c4 e6 3. Nc3 Bb4 4. Bd2 b6 5. Qc2 Bb7 6. e3 O-O 7. Bd3 h6 8. Nge2
c5 9. O-O Nc6 10. d5 exd5 11. cxd5 Ne5 12. Be4 Bxc3 13. Nxc3 d6 14. f4 Ned7 15.
Rad1 Re8 16. Bc1 Rc8 17. Bf5 a6 18. e4 Rc7 19. Qf2 b5 20. Be3 Nb6 21. b3 Bc8
22. Bxc8 Rxc8 23. a3 Nxe4 24. Nxe4 Rxe4 25. Qf3 Qe8 26. Rde1 Nxd5 27. f5 Rxe3
28. Rxe3 Qxe3+ 29. Kh1 Qxf3 30. Rxf3 Re8 31. h3 Re3 32. Kh2 Rxf3 33. gxf3 Ne3
34. Kg3 Nxf5+ 35. Kg4 g6 36. Kf4 f6 37. Ke4 Kf7 38. Kd5 g5 39. a4 Ke7 40. axb5
axb5 41. b4 cxb4 42. Kc6 b3 43. Kxb5 b2 44. Kc4 b1=Q 45. Kd5 Qb5+ 46. Ke4 Ke6
47. f4 Qd5# 0-1

[Event "Tournoi Skype 021A"]
[Site "Skype"]
[Date "????.??.??"]
[Round "7.25"]
[White "Legueltel, Daniel"]
[Black "Rugman, Dan"]
[Result "0-1"]
[WhiteElo "1726"]
[BlackElo "1598"]
[PlyCount "66"]

1. d4 Nf6 2. c4 g6 3. Nc3 d5 4. cxd5 Nxd5 5. e4 Nxc3 6. bxc3 Bg7 7. Bc4 c5 8.
Ne2 Nc6 9. Be3 O-O 10. O-O Na5 11. Bb3 cxd4 12. cxd4 Nxb3 13. Qxb3 Bg4 14. f3
Be6 15. Qa3 Bc4 16. Rfe1 Bxe2 17. Rxe2 Bxd4 18. Rd2 Bxe3+ 19. Qxe3 Qc7 20. Rad1
b6 21. Rd7 Qe5 22. f4 Qe6 23. Qd4 Qxa2 24. Rxe7 Rac8 25. e5 Rc2 26. Qe4 Qa3 27.
Red7 Qc5+ 28. Kh1 Rc4 29. Qf3 a5 30. e6 Rc3 31. Qb7 Rc1 32. exf7+ Rxf7 33. Qd5
Rxd1+ 0-1

[Event "Tournoi Skype 021A"]
[Site "Skype"]
[Date "????.??.??"]
[Round "7.26"]
[White "Kruk, Clementine"]
[Black "Duthoit, Bernard"]
[Result "1-0"]
[WhiteElo "1599"]
[BlackElo "1468"]
[PlyCount "115"]

1. e4 e6 2. d4 d5 3. Nc3 dxe4 4. Nxe4 Nf6 5. Bg5 Be7 6. Nc5 Bxc5 7. dxc5 Qxd1+
8. Rxd1 Nbd7 9. Nf3 O-O 10. Be2 Ne4 11. h4 Nexc5 12. Rh3 f6 13. Be3 e5 14. Rg3
Ne4 15. Bc4+ Kh8 16. Rh3 Ndc5 17. Bxc5 Nxc5 18. Rh1 Be6 19. Bd5 c6 20. Bxe6
Nxe6 21. Ke2 Nf4+ 22. Kf1 Rad8 23. Re1 Rd6 24. g3 Ne6 25. Kg2 Rfd8 26. g4 Nd4
27. g5 Nxc2 28. Re2 Nd4 29. Nxd4 Rxd4 30. Rh3 Rd3 31. gxf6 gxf6 32. f3 Rg8+ 33.
Kf2 Rgd8 34. Rg3 Rd2 35. Ke3 Rxe2+ 36. Kxe2 Rg8 37. Rh3 Rg2+ 38. Kd3 Rxb2 39.
a4 Ra2 40. Ke4 Rxa4+ 41. Kf5 Rf4+ 42. Ke6 a5 43. Kf7 Rd4 44. Rg3 Rd7+ 45. Kf8
h5 46. Rg6 Kh7 47. Rxf6 Rg7 48. Rf5 a4 49. Rxe5 b5 50. Rxh5+ Kg6 51. Rg5+ Kf6
52. Rxg7 Ke5 53. h5 a3 54. Ra7 b4 55. h6 Kf6 56. h7 b3 57. Rxa3 b2 58. Rb3 1-0

[Event "Tournoi Skype 021A"]
[Site "Skype"]
[Date "????.??.??"]
[Round "7.27"]
[White "Fouquereau, Andre"]
[Black "Aranzubia, Desiderio"]
[Result "1/2-1/2"]
[WhiteElo "1492"]
[BlackElo "1542"]
[PlyCount "66"]

1. e4 c5 2. c3 Nc6 3. Nf3 Nf6 4. Qc2 a6 5. Bc4 b5 6. Be2 d6 7. O-O e6 8. d3 Be7
9. h3 Bb7 10. Be3 O-O 11. Nbd2 Qc7 12. Nh2 d5 13. f4 Rad8 14. e5 Nd7 15. Rac1
Qb6 16. b4 f6 17. Bg4 f5 18. Be2 d4 19. bxc5 Bxc5 20. cxd4 Nxd4 21. Bxd4 Bxd4+
22. Kh1 Rc8 23. Qd1 Rxc1 24. Qxc1 Rc8 25. Qd1 Qc6 26. Bf3 Qc7 27. Bxb7 Qxb7 28.
Nhf3 Be3 29. Nb3 Bxf4 30. d4 Nf8 31. Kg1 Qc7 32. Nc5 Qc6 33. Qb3 Rd8 1/2-1/2